East-west technology transfer

Zapisane w:
Opis bibliograficzny
1. autor: Wienert, Helgard
Format: Książka
Język:Undetermined
Wydane: Paris OECD 1986
Hasła przedmiotowe:
Etykiety: Dodaj etykietę
Nie ma etykietki, Dołącz pierwszą etykiete!
Thư viện lưu trữ: Trung tâm Học liệu Trường Đại học Cần Thơ
LEADER 00476nam a2200181Ia 4500
001 CTU_86628
008 210402s9999 xx 000 0 und d
082 |a 338.94 
082 |b W647 
100 |a Wienert, Helgard 
245 0 |a East-west technology transfer 
245 0 |c Helgard Wienert 
260 |a Paris 
260 |b OECD 
260 |c 1986 
650 |a Technology transfer-europe,eastern 
904 |i Năm 
980 |a Trung tâm Học liệu Trường Đại học Cần Thơ